Kluby piłkarskie Oksytanii i Korsyki - nagła śmierć - Statystyki

Ogólne statystyki
  • Ten quiz został rozwiązany 6 razy
  • Średni wynik to 2 z 7
Answers on the Grid
Answers color-coded by a green-red scale on the quiz's grid according to % correct below.
Toulouse FC
Girondins Bordeaux
Montpellier HSC
Olympique Lyon
Rodez AF
AJ Auxerre
SC Bastia
Clermont Foot 63
AC Ajaccio
OGC Nice
Nîmes Olympique
AS Furiani-Agliani
 
Statystyki odpowiedzi
Odpowiedź % Poprawnych
AC Ajaccio
50%
SC Bastia
50%
AS Furiani-Agliani
17%
Nîmes Olympique
17%
Rodez AF
17%
Toulouse FC
17%
Montpellier HSC
0%
Nie znaleziono quizów pasujących do podanych kryteriów
Rozkład punktacji
Procent ludzi z każdym wynikiem
Percentyl według liczby udzielonych odpowiedzi
Twoja historia wyników
Nie rozwiązałeś tego quizu